Click the States based on their Capital - Statistics

General Stats
  • This quiz has been taken 38 times
    32 since last reset
  • The average score is 38 of 50
Answers on the Map
Answers color-coded by a green-red scale on the quiz's map according to % correct below.
 
Answer Stats
Answer % Correct
Austin
100%
Honolulu
93%
Salt Lake City
93%
St. Paul
93%
Topeka
93%
Atlanta
86%
Juneau
86%
Oklahoma City
86%
Olympia
86%
Phoenix
86%
Sacramento
86%
Albany
79%
Anapolis
79%
Augusta
79%
Baton Rouge
79%
Boise
79%
Carson City
79%
Columbus
79%
Concord
79%
Denver
79%
Harrisburg
79%
Helena
79%
Little Rock
79%
Nashville
79%
Raleigh
79%
Richmond
79%
Salem
79%
Santa Fe
79%
Tallahassee
79%
Trenton
79%
Bismarck
71%
Boston
71%
Des Moines
71%
Dover
71%
Frankfort
71%
Indianapolis
71%
Jackson
71%
Madison
71%
Montgomery
71%
Montpellier
71%
Pierre
71%
Springfield
71%
Cheyenne
64%
Columbia
64%
Hartford
64%
Jefferson City
64%
Lansing
64%
Lincoln
64%
Providence
64%
Charleston
50%
No matching quizzes found
Score Distribution
Percent of People with Each Score
Percentile by Number Answered
Your Score History
You have not taken this quiz since the last reset